000
00469nam a2200145Ia 4500
008
090122s9999 xx 000 0 und d
082
_b
2325
_a
P155
100
_a
काळे
_b
वि
_c
वि
245
_a
मराठी साहित्य दर्शन
600
_a
काळे
630
_a
मराठी साहित्य दर्शन
700
_a
काळे
730
_a
मराठी साहित्य दर्शन
942
_c
BOOK
999
_c
26403
_d
26403